<?xml version="1.0" encoding="UTF-8"?>
<marc:record xmlns:marc="http://www.loc.gov/MARC21/slim">
   <marc:leader>00000nam a2200000 a 4500</marc:leader>
   <marc:datafield ind1="1" ind2=" " tag="100">
      <marc:subfield code="a">Ramsay, Bébhinn</marc:subfield>
      <marc:subfield code="4">aut</marc:subfield>
      <marc:subfield code="e">Verfasser/-in</marc:subfield>
   </marc:datafield>
   <marc:datafield ind1="1" ind2=" " tag="100">
      <marc:subfield code="a">Dünninger, Veronika</marc:subfield>
      <marc:subfield code="4">trl</marc:subfield>
      <marc:subfield code="e">Übersetzer/-in</marc:subfield>
   </marc:datafield>
   <marc:datafield ind1="1" ind2=" " tag="100">
      <marc:subfield code="a">Ramsay, Bébhinn</marc:subfield>
   </marc:datafield>
   <marc:datafield ind1="0" ind2="0" tag="245">
      <marc:subfield code="a">Das letzte Geschenk deiner Liebe</marc:subfield>
   </marc:datafield>
   <marc:datafield ind1="0" ind2="0" tag="245">
      <marc:subfield code="b">auf dem Jakobsweg zurück ins Leben</marc:subfield>
   </marc:datafield>
   <marc:datafield ind1="0" ind2="0" tag="245">
      <marc:subfield code="c">Bébhinn Ramsay. Aus dem Engl. von Veronika Dünninger</marc:subfield>
   </marc:datafield>
   <marc:datafield ind1=" " ind2="1" tag="264">
      <marc:subfield code="a">Köln</marc:subfield>
      <marc:subfield code="b">Bastei Lübbe Taschenbuch</marc:subfield>
      <marc:subfield code="c">2014</marc:subfield>
   </marc:datafield>
   <marc:datafield ind1="1" ind2=" " tag="520">
      <marc:subfield code="a">Angaben aus der Verlagsmeldung

Das letzte Geschenk deiner Liebe : Mit meinen kleinen Kindern auf dem Jacobsweg LOVE'S LAST GIFT / von Bébhinn Ramsay

Bébhinn ist erst 31 Jahre, als ihr geliebter Mann Alastair plötzlich stirbt: Ein unerkannter Infekt, ein resistentes Bakterium, so etwas kommt vor, heißt es. Doch wie kann sie nun weiterleben, mit ihren kleinen Söhnen, die erst eins und
drei sind? Bébhinn fasst allen Mut zusammen und pilgert auf dem Jakobsweg. Bis Santiago de Compostela will sie wandern, die Kinder im Buggy, und am Ziel wird sie Alastairs Asche verstreuen und eine Idee haben, wie das Leben weitergeht...
</marc:subfield>
   </marc:datafield>
   <marc:datafield ind1=" " ind2=" " tag="020">
      <marc:subfield code="a">9783404607785</marc:subfield>
      <marc:subfield code="9">9783404607785</marc:subfield>
   </marc:datafield>
   <marc:datafield ind1=" " ind2=" " tag="020">
      <marc:subfield code="a">3404607783</marc:subfield>
      <marc:subfield code="9">3404607783</marc:subfield>
   </marc:datafield>
   <marc:datafield ind1=" " ind2=" " tag="300">
      <marc:subfield code="a">288 S.</marc:subfield>
   </marc:datafield>
</marc:record>
